Camino

Salvato in:
Dettagli Bibliografici
Autore principale: Escrivá, José María
Natura: Libro
Lingua:Undetermined
Pubblicazione: Madrid, España Rialp 1958
Soggetti:
Tags: Aggiungi Tag
Nessun Tag, puoi essere il primo ad aggiungerne!!

MARC

LEADER 00000nam a2200000Ia 4500
008 170316s9999 xx 000 0 und d
090 |a 230 E-4c 
100 |a Escrivá, José María 
245 |a Camino 
260 |a Madrid, España 
260 |b Rialp 
260 |c 1958 
300 |a 319 páginas 
650 |a TEOLOGÍA 
999 |c 18005  |d 18005 
040 |a cru BVZT 
942 |c 15 D  |h 230 E-4c  |2 z